000 00570nam a22001697a 4500
005 20251108164033.0
008 250721s1985 xx 000 0 ara d
082 1 4 _a320.956/مجي
100 1 _aخدوري، مجيد
245 1 0 _aالإتجاهات السياسية في العالم العربي :
_bدور الأفكار و المثل العليا في السياسة /
264 1 _aبيروت :
_bالدار المتحدة،
_c1985.
300 _a319ص
650 1 7 _aالعرب
650 1 7 _aالأحوال السياسية
942 _2ddc
_cBK
999 _c2039
_d2039